000 00480nam a2200145 i 4500
001 89259
003 ES-MaACL
007 t|
008 050105s1966 sp ||||1| spa d
100 1 _aLarios, José
_cMarqués de.
_970261
245 1 0 _aMemorias de un piloto de caza, 1936-1939
_b: combate sobre España /
_cpor... José Larios, Marqués de Larios.
260 _aMadrid :
_b[s.n.,
_c1966] (
_fAldus)
300 _a399 p., 48 lám. ;
_c22 cm.
852 _aES-MaACL
_jG-5087
_bR.61961
999 _c89259
_d89259